| 000 | 00439nam a2200181Ia 4500 | ||
|---|---|---|---|
| 001 | 16290 | ||
| 005 | 20260306170258.0 | ||
| 008 | 260306t2010||||xx |||||||||||||| ||und|| | ||
| 041 | _aESP | ||
| 082 |
_a347.6 _bC95 |
||
| 100 |
_aCuena Casas, Matilde (coord.) _eAUT |
||
| 245 | 0 | _aFamilia y concurso de acreedores | |
| 260 | _c2010 | ||
| 300 |
_a533 páginas : _c24 cm. |
||
| 650 | _aGEN | ||
| 654 | _aCDE | ||
| 942 |
_cLIB _dJUS _fJUS _2ddc _n |
||
| 999 |
_c16290 _d16290 |
||